000 00361nam a2200157Ia 4500
003 0STCL
008 150530s9999 xx 000 0 und d
040 _aSTCL
_cSTCL
100 _aWilliam Sharp
245 _aLife and writings of Percy Bysshe Shelley
260 _c1910
546 _aEnglish
942 _2ddc
_cBK
999 _c52272
_d52272
005 20220125170856.0